000 01440nam0a2200337 i 4500
001 RU\NLR\BIBL_A\011647112
005 20260407062738.0
010 _a9785928724856
_910000
021 _aRU
_b2017-101728
_9КН-П-454
035 _a(RuMoRGB)009507992
035 _a(NLR Aleph) 011647112
090 _a11110938
_c11110938
100 _a20180302d2014 c y0rusy50 ca
101 0 _arus
102 _aRU
105 _a |||z|||000 y
200 1 _aПриключения Хомы и Суслика
_e[сборник сказок]
_fАльберт Иванов
_gхудожники: В. Шваров, Е. Алмазова
210 _aМосква
_cЛабиринт-Пресс
_d2014
215 _a108, [3] с.
_cцв. ил.
_d26
225 1 _aОткрой книгу!
333 _aДля детей 4-7 лет; 0+
686 _aШ9(2)6=Р70-2
_2rubbk
686 0 _aШ9(2)60=Р7-2
700 1 _8rus
_7ca
_aИванов
_bА. А.
_cдет. писатель
_f1938-
_gАльберт Анатольевич
_3RU\NLR\AUTH\7712920
_9122629
702 1 _4040
_8rus
_7ca
_aШваров
_bВ. В.
_cхудожник
_gВиталий Всеволодович
_3RU\NLR\AUTH\7753954
_936886
702 1 _4040
_8rus
_7ca
_aАлмазова
_bЕ. Е.
_cхудожник
_gЕлена Евгеньевна
_3RU\NLR\AUTH\7753953
_936885
942 _cBOOK
980 _aNBR